00443nam a2200145Ia 4500003000900000008004100009040001600050080001700066100002400083245008700107260003700194300000900231650004100240650001600281IN-BaIIA211028s9999 xx 000 0 eng d cIIA Library a551.583bFRA aFrankenfield, H. C. 4aThe floods of the spring of 1903, in the Mississippi watershedcH. C. Frankenfield aWashingtonbWeather Bureauc1904 a63p. aAstronomy and Astrophysics Thesaurus aClimatology